[Event "Minsk Open 2014"]
[Site "Minsk BLR"]
[Date "2014.07.20"]
[Round "5.5"]
[White "Omelja, Artem"]
[Black "Kovalev, Vladislav"]
[Result "0-1"]
[BlackTitle "GM"]
[WhiteElo "2253"]
[BlackElo "2554"]
[WhiteFideId "14119846"]
[BlackFideId "13504398"]
[EventDate "2014.07.16"]

1. d4 Nf6 2. c4 g6 3. Nc3 Bg7 4. e4 d6 5. Bd3 O-O 6. Nge2 c6 7. O-O a6 8. h3 b5
9. b3 Nbd7 10. Be3 bxc4 11. bxc4 c5 12. d5 Ne5 13. f4 Nxd3 14. Qxd3 Qc7 15. Rae1
Rb8 16. Ng3 Ne8 17. Rc1 Bd7 18. f5 Nf6 19. Qd2 Rb4 20. Nd1 Rfb8 21. Nf2 Rb2 22.
Rc2 Rxc2 23. Qxc2 Qa5 24. Nd3 Ba4 25. Qc1 Be8 26. Qc2 Nd7 27. Bd2 Qa3 28. Bc1
Qc3 29. Qxc3 Bxc3 30. Ne2 Ne5 31. Nxc5 Ba5 32. Nb3 Bb6+ 33. c5 dxc5 34. Be3 Bb5
35. Re1 Nd3 36. Rb1 Nb4 37. Nc3 Bd3 38. Rb2 Nc2 39. Bf2 Bc7 40. Nxc5 Rxb2 41.
Nxd3 Rb8 42. fxg6 hxg6 43. Bc5 Ba5 44. Ne2 Bb6 45. Bxb6 Rxb6 46. Nc3 Kg7 47. Nc5
Rb4 48. e5 Rc4 49. N3e4 Nb4 50. d6 exd6 51. exd6 Kh8 52. d7 Nc6 0-1

[Event "Minsk Open 2014"]
[Site "Minsk BLR"]
[Date "2014.07.20"]
[Round "5.6"]
[White "Maslov, Ivan"]
[Black "Podolchenko, Evgeniy"]
[Result "0-1"]
[BlackTitle "GM"]
[WhiteElo "2202"]
[BlackElo "2426"]
[WhiteFideId "24169820"]
[BlackFideId "13504134"]
[EventDate "2014.07.16"]

1. d4 Nf6 2. c4 e6 3. g3 d5 4. Bg2 Be7 5. Nf3 c6 6. O-O Nbd7 7. Qc2 O-O 8. Rd1
b6 9. b3 Ba6 10. Nbd2 Rc8 11. e4 c5 12. exd5 exd5 13. Nf1 b5 14. cxd5 cxd4 15.
Qf5 g6 16. Qd3 Nxd5 17. Bh6 Nc3 18. Bxf8 Bxf8 19. Rd2 Bh6 20. Rc2 Bg7 21. Nxd4
Ne5 22. Qd2 b4 23. Re1 Qb6 24. Nf3 Nd3 25. Re7 Bf8 26. Rd7 Ne4 27. Qe3 Rxc2 28.
Nd4 Rxf2 29. Qxe4 Nc5 30. Qd5 Nxd7 31. Kxf2 Nf6 0-1

[Event "Minsk Open 2014"]
[Site "Minsk BLR"]
[Date "2014.07.20"]
[Round "5.7"]
[White "Harshkou, Mikita"]
[Black "Ponomarev, Dmitry"]
[Result "0-1"]
[BlackTitle "IM"]
[WhiteElo "2239"]
[BlackElo "2416"]
[WhiteFideId "13504770"]
[BlackFideId "24112046"]
[EventDate "2014.07.16"]

1. d4 Nf6 2. Bg5 e6 3. e3 h6 4. Bh4 b6 5. Nd2 Bb7 6. Ngf3 c5 7. Bd3 Be7 8. O-O
Nc6 9. c3 O-O 10. a3 d5 11. b4 Ne4 12. Bxe7 Nxe7 13. Qc2 cxd4 14. cxd4 Rc8 15.
Qb2 f6 16. Rac1 Qd7 17. Qb1 Nd6 18. Rxc8 Rxc8 19. Rc1 Bc6 20. Ba6 Rc7 21. Qc2
Ne8 22. Qb2 Nf5 23. Rc3 Kf8 24. Qc1 Ke7 25. Bd3 Nfd6 26. Nh4 Kd8 27. Ng6 Ba4 28.
Nf4 g5 29. Ne2 Bb5 30. Rxc7 Nxc7 31. Qc2 Bxd3 32. Qxd3 Qa4 33. Qb3 Qb5 34. Kf1
a5 35. bxa5 Qxa5 36. Qc3 Qb5 37. Qb3 Nc4 38. Qc3 Qa4 39. Nxc4 dxc4 40. Qb4 Qxb4
41. axb4 Kd7 42. Nc3 Kc6 43. Ke2 f5 44. Kd2 b5 45. f3 Nd5 46. Na2 f4 47. exf4
Nxf4 48. g3 Nd5 49. Ke2 Kd6 50. Kd2 Ke7 51. Nc3 Nxc3 52. Kxc3 Kd6 53. Kd2 Kd5
54. Kc3 h5 55. h4 gxh4 56. gxh4 e5 57. dxe5 Kxe5 58. Kd2 Kf4 59. Ke2 Ke5 0-1

[Event "Minsk Open 2014"]
[Site "Minsk BLR"]
[Date "2014.07.20"]
[Round "5.9"]
[White "Siagodnik, Anton"]
[Black "Grib, Roman"]
[Result "1/2-1/2"]
[WhiteTitle "FM"]
[BlackTitle "FM"]
[WhiteElo "2157"]
[BlackElo "2409"]
[WhiteFideId "13505963"]
[BlackFideId "13506706"]
[EventDate "2014.07.16"]

1. d4 d5 2. Nf3 Nf6 3. g3 g6 4. Bg2 Bg7 5. O-O O-O 6. c4 c6 7. Ne5 Nfd7 8. cxd5
Nxe5 9. dxe5 Bxe5 10. Nc3 cxd5 11. Bxd5 Nd7 12. Bg5 Nf6 13. Bg2 Qa5 14. Bxf6
exf6 15. Nd5 Be6 16. Qb3 Rad8 17. Rad1 f5 18. Rd3 Rd7 19. Rfd1 Rfd8 20. a3 Qc5
21. Qa2 a5 22. b4 axb4 23. axb4 Qf8 24. Qa5 Bg7 25. Qb5 Ra8 26. h4 Rc8 27. Nf6+
Bxf6 28. Rxd7 Bxd7 29. Rxd7 Rd8 30. Rxb7 Qd6 31. Qc4 Qe6 32. Qc7 Rc8 33. Rb8
Rxb8 34. Qxb8+ Kg7 35. e3 Be5 36. Qb7 Qd6 37. b5 h6 38. b6 Qb8 39. Qa7 Qd8 40.
Qb7 Qb8 41. Qa7 Qd8 42. Bf1 Qc8 43. Qa5 Bd6 44. Qd5 Qc5 45. Qb7 g5 46. hxg5 hxg5
47. Bg2 Qe5 48. Bd5 Qe7 49. Qc8 Qe5 50. Qb7 Qe7 51. Qc6 f4 52. exf4 gxf4 53. g4
Bc5 54. Kg2 Qd6 55. b7 Qxc6 56. Bxc6 Bd6 57. Kf3 f6 58. Ke4 Kf8 59. Kd5 Ke7 60.
Bb5 Bb8 61. Kc6 Kd8 62. Kd5 1/2-1/2

[Event "Minsk Open 2014"]
[Site "Minsk BLR"]
[Date "2014.07.20"]
[Round "5.10"]
[White "Kupreichik, Viktor D"]
[Black "Terzi, Alexei"]
[Result "0-1"]
[WhiteTitle "GM"]
[WhiteElo "2405"]
[BlackElo "2120"]
[WhiteFideId "13500066"]
[BlackFideId "13505076"]
[EventDate "2014.07.16"]

1. e4 e6 2. d4 d5 3. e5 c5 4. c3 Qb6 5. Nf3 Bd7 6. Nbd2 cxd4 7. Nxd4 Nc6 8. N2f3
Nxd4 9. Nxd4 Ne7 10. Bd3 Nc6 11. Nf3 f6 12. Qe2 O-O-O 0-1

[Event "Minsk Open 2014"]
[Site "Minsk BLR"]
[Date "2014.07.20"]
[Round "5.11"]
[White "Filipets, Egor"]
[Black "Novitzkij, Dmitrij"]
[Result "0-1"]
[BlackTitle "IM"]
[WhiteElo "2181"]
[BlackElo "2345"]
[WhiteFideId "13503928"]
[BlackFideId "13500619"]
[EventDate "2014.07.16"]

1. e4 c6 2. d4 d5 3. Nc3 g6 4. Nf3 Bg4 5. Be2 Bg7 6. Be3 e6 7. h3 Bxf3 8. Bxf3
Nd7 9. O-O Ne7 10. Qd2 O-O 11. Rad1 a6 12. Rfe1 b5 13. Bh6 Nf6 14. a4 b4 15.
Bxg7 Kxg7 16. e5 Nd7 17. Ne2 a5 18. c3 Rb8 19. Ng3 c5 0-1

[Event "Minsk Open 2014"]
[Site "Minsk BLR"]
[Date "2014.07.20"]
[Round "5.12"]
[White "Smirnov, Valerij"]
[Black "Maksimov, Dmitri"]
[Result "1-0"]
[WhiteTitle "IM"]
[WhiteElo "2324"]
[BlackElo "2116"]
[WhiteFideId "13500350"]
[BlackFideId "24162477"]
[EventDate "2014.07.16"]

1. d4 Nf6 2. c4 c5 3. d5 e6 4. Nc3 exd5 5. cxd5 d6 6. Nf3 g6 7. e4 Bg7 8. Bg5 h6
9. Bh4 a6 10. Nd2 b5 11. Be2 O-O 12. Qc2 Re8 13. O-O Nbd7 14. a4 b4 15. Nd1 Qc7
16. Ne3 1-0

[Event "Minsk Open 2014"]
[Site "Minsk BLR"]
[Date "2014.07.21"]
[Round "6.1"]
[White "Nosenko, Alexander"]
[Black "Lutsko, Igor"]
[Result "1-0"]
[WhiteTitle "GM"]
[BlackTitle "GM"]
[WhiteElo "2508"]
[BlackElo "2355"]
[WhiteFideId "14100690"]
[BlackFideId "13500716"]
[EventDate "2014.07.16"]

1. d4 Nf6 2. c4 e6 3. Nc3 Bb4 4. e3 O-O 5. Ne2 d5 6. a3 Be7 7. Ng3 c5 8. dxc5
Bxc5 9. b4 Be7 10. Bb2 Nc6 11. Qc2 d4 12. Rd1 e5 13. Be2 Be6 14. O-O Rc8 15. Qb1
Qe8 16. Nb5 a6 17. exd4 axb5 18. d5 bxc4 19. dxe6 Nd4 20. Bxd4 exd4 21. Rxd4 b5
22. exf7+ Rxf7 23. a4 Kh8 24. Rc1 Bd8 25. axb5 c3 26. Rc4 Bb6 27. Rxc8 Qxc8 28.
Qd3 Rc7 29. Rc2 Qf8 30. Bf3 h6 31. Rxc3 Rd7 32. Qc2 Qxb4 33. Rc8+ Ng8 34. Nf1
Qd4 35. h3 Ra7 36. Qd2 Rd7 37. Qxd4 Bxd4 38. Ne3 Kh7 39. Be4+ g6 40. Bxg6+ 1-0

[Event "Minsk Open 2014"]
[Site "Minsk BLR"]
[Date "2014.07.21"]
[Round "6.2"]
[White "Aleksandrov, Aleksej"]
[Black "Lintchevski, Daniil"]
[Result "1/2-1/2"]
[WhiteTitle "GM"]
[BlackTitle "GM"]
[WhiteElo "2569"]
[BlackElo "2553"]
[WhiteFideId "13500139"]
[BlackFideId "4171055"]
[EventDate "2014.07.16"]

1. d4 d5 2. c4 c6 3. Nc3 Nf6 4. Nf3 dxc4 5. a4 Bf5 6. Ne5 e6 7. f3 Bb4 8. Nxc4
c5 9. dxc5 Qxd1+ 10. Kxd1 Bxc5 11. e4 Bg6 12. Nb5 Kd7 13. Ne5+ Kd8 14. Bf4 Nbd7
15. Nd3 a6 16. Nxc5 Nxc5 17. Nd6 Ke7 18. b4 Nh5 19. bxc5 Nxf4 20. g3 Nh5 21. Rb1
b5 22. axb5 axb5 23. Rxb5 Ra7 24. Bd3 Nf6 25. Kd2 Nd7 26. Rc1 f6 27. Rb7 Rxb7
28. Nxb7 Rc8 29. Bb5 Rc7 30. Bxd7 Kxd7 31. Na5 e5 32. Rc3 Bf7 33. Nb7 Kc6 34.
Nd8+ Kb5 35. c6 Bc4 36. Rc1 Kb4 37. Ke3 Bb3 38. f4 g6 39. h4 h5 40. fxe5 fxe5
41. Kf3 Bc4 42. Rb1+ Kc5 43. Rd1 Rc8 44. Rd7 Kb6 45. Rb7+ Kc5 46. Rd7 Kb6 47. g4
Bb5 48. Rb7+ Kc5 49. c7 Bd7 50. gxh5 gxh5 51. Nf7 Rf8 52. Ke3 Kc6 53. Nd8+ Kd6
54. Nf7+ Kc6 55. Ra7 Kb6 56. c8=Q Bxc8 57. Re7 Kc6 58. Nxe5+ Kd6 59. Ng6 Rg8 60.
e5+ Kc6 61. Nf4 Rg4 62. Re8 Bd7 63. Rh8 Rxh4 64. Rh6+ Kc5 65. Rd6 Bg4 66. Nd3+
Kb5 67. e6 Bxe6 68. Rxe6 Ra4 69. Re5+ Kc6 70. Rxh5 Kd6 71. Nc5 Ra1 72. Kd4 Rd1+
73. Nd3 Ke6 74. Ke4 Kd6 75. Rh6+ Kc7 76. Rg6 Rd2 77. Nf4 Ra2 78. Ke5 Kd7 79.
Rd6+ Ke7 80. Nd5+ Kf7 81. Rd7+ Kg6 82. Nf4+ Kg5 83. Rg7+ Kh4 84. Ng2+ Kh5 85.
Ne3 Ra5+ 86. Nd5 Rb5 87. Ke4 Ra5 88. Rg1 Rb5 89. Nf6+ Kh4 90. Rg4+ Kh3 91. Rg8
Rb1 92. Ng4 Kh4 93. Ne5 Rb4+ 94. Kf5 Kh3 95. Nd3 Rb5+ 96. Kf4 Ra5 97. Rg7 Ra4+
98. Kf5 Ra5+ 99. Ne5 Ra4 100. Rc7 Kg3 101. Rc3+ Kf2 102. Nc4 Ra8 103. Ke4 Re8+
104. Ne5 Rf8 105. Ng4+ Kg2 106. Ne3+ Kf2 107. Rc2+ Ke1 108. Nf5 Kd1 109. Nd4 Rh8
110. Rf2 Rh3 111. Ra2 Rh8 112. Ke3 Rh3+ 113. Nf3 Kc1 114. Rf2 Rh8 115. Kd3 Rg8
116. Rc2+ Kb1 117. Nd2+ Ka1 118. Kc3 Rg3+ 119. Kb4 Rg8 120. Nc4 Kb1 121. Re2 Rg3
122. Ne3 1/2-1/2

[Event "Minsk Open 2014"]
[Site "Minsk BLR"]
[Date "2014.07.21"]
[Round "6.3"]
[White "Meribanov, Vitaly"]
[Black "Fedorov, Alexei"]
[Result "1/2-1/2"]
[WhiteTitle "IM"]
[BlackTitle "GM"]
[WhiteElo "2380"]
[BlackElo "2569"]
[WhiteFideId "13504363"]
[BlackFideId "13500465"]
[EventDate "2014.07.16"]

1. e4 c5 2. Nf3 Nc6 3. Nc3 e5 4. Bc4 Be7 5. d3 d6 6. O-O Nf6 7. Bg5 O-O 8. Bxf6
Bxf6 9. Nd5 g6 10. Nxf6+ Qxf6 11. h3 Be6 12. Nh2 h5 13. Qd2 Rad8 14. Bxe6 fxe6 1/2-1/2

[Event "Minsk Open 2014"]
[Site "Minsk BLR"]
[Date "2014.07.21"]
[Round "6.4"]
[White "Kovalev, Vladislav"]
[Black "Kupreichik, Viktor D"]
[Result "1/2-1/2"]
[WhiteTitle "GM"]
[BlackTitle "GM"]
[WhiteElo "2554"]
[BlackElo "2405"]
[WhiteFideId "13504398"]
[BlackFideId "13500066"]
[EventDate "2014.07.16"]

1. e4 c5 2. Nf3 d6 3. d4 cxd4 4. Nxd4 Nf6 5. Nc3 Bd7 6. Bg5 e6 7. Qd3 a6 8. f4
h6 9. Bh4 g5 10. fxg5 Ng4 11. Nf3 hxg5 12. Bg3 Qb6 13. O-O-O Nf2 14. Bxf2 Qxf2
15. Be2 Nc6 16. e5 Nxe5 17. Nxe5 Qf4+ 18. Kb1 Qxe5 19. Bf3 O-O-O 20. Rhe1 Qa5
21. Ne4 g4 22. Be2 Rxh2 23. Bxg4 f5 24. Nxd6+ Bxd6 25. Qxd6 Rxg2 26. Bf3 Rf2 27.
Bh1 Qc7 28. Qd4 Rh2 29. c3 Kb8 30. Bf3 Rhh8 31. Qe3 f4 32. Qe2 Rhe8 33. c4 Bc6
34. Rxd8+ Rxd8 35. Bxc6 Qxc6 36. Qxe6 Rd1+ 37. Kc2 Rxe1 38. Qxe1 Qxc4+ 39. Kb1
Qd3+ 40. Kc1 f3 41. Qg3+ Kc8 42. Qf2 Kd7 43. Qd2 Qd6 44. Qe3 Qd5 45. Kc2 Qf5+
46. Kd2 f2 47. Qd4+ Ke8 48. Qe3+ Kd7 49. Qd4+ Kc7 50. Qc3+ Kb6 51. Qb4+ Kc6 52.
Qc3+ Kd6 53. Qb4+ Ke5 54. Qc3+ Kd6 55. Qb4+ Kc7 56. Qc3+ Kb8 57. Qh8+ Ka7 58.
Qd4+ b6 59. Qg7+ Kb8 60. Qh8+ Kb7 61. Qg7+ Kc6 62. Qc3+ Qc5 63. Qf6+ Kb5 64. Ke2
Qc4+ 65. Kxf2 Qxa2 66. Qe5+ Kc6 67. Qe8+ Kd6 68. Qd8+ Kc5 69. Qc7+ Kb5 70. Qe5+
Kc6 71. Qe8+ Kc5 72. Qe7+ Kc6 73. Qe8+ Kc5 74. Qe7+ 1/2-1/2

[Event "Minsk Open 2014"]
[Site "Minsk BLR"]
[Date "2014.07.21"]
[Round "6.5"]
[White "Novitzkij, Dmitrij"]
[Black "Stupak, Kirill"]
[Result "0-1"]
[WhiteTitle "IM"]
[BlackTitle "GM"]
[WhiteElo "2345"]
[BlackElo "2499"]
[WhiteFideId "13500619"]
[BlackFideId "13503758"]
[EventDate "2014.07.16"]

1. e4 c6 2. d4 d5 3. exd5 cxd5 4. Bd3 Nc6 5. c3 Nf6 6. Bf4 Bg4 7. Qb3 Qc8 8. Nd2
e6 9. Ngf3 Be7 10. O-O O-O 11. Ne5 Nxe5 12. dxe5 Nd7 13. Qc2 h6 14. h3 Bh5 15.
g4 Bg6 16. Bxg6 fxg6 17. Bxh6 Nxe5 18. Be3 g5 19. Rae1 Bf6 20. f4 gxf4 21. Bxf4
Nf7 22. Nf3 Qc4 23. Bg3 e5 24. Qg6 e4 25. Nh4 Qc6 26. Qh5 Bxh4 27. Qxh4 Qb6+ 28.
Bf2 Qg6 29. Bc5 Rfc8 30. Qe7 Ng5 31. Kg2 Nf3 32. Rd1 Qc6 33. c4 Rc7 34. cxd5
Qxc5 35. Qxe4 Ng5 36. Qf4 Qc2+ 37. Rd2 Qe4+ 38. Kg3 Rf7 0-1

[Event "Minsk Open 2014"]
[Site "Minsk BLR"]
[Date "2014.07.21"]
[Round "6.6"]
[White "Podolchenko, Evgeniy"]
[Black "Kolesnik, Eduard"]
[Result "1-0"]
[WhiteTitle "GM"]
[BlackTitle "IM"]
[WhiteElo "2426"]
[BlackElo "2292"]
[WhiteFideId "13504134"]
[BlackFideId "13501062"]
[EventDate "2014.07.16"]

1. d4 d5 2. c4 c6 3. Nf3 Nf6 4. Nc3 e6 5. g3 dxc4 6. Bg2 c5 7. O-O Nc6 8. Ne5
Bd7 9. Nxc6 Bxc6 10. Bxc6+ bxc6 11. dxc5 Qxd1 12. Rxd1 Bxc5 13. Na4 Bb6 14. Bd2
O-O-O 15. Be1 Rxd1 16. Rxd1 Rd8 17. Rc1 Kb7 18. Kg2 Ne4 19. Rxc4 f5 20. Rc1 Rd5
21. b3 g6 22. f3 Nf6 23. Nb2 Re5 24. Kf1 Nd5 25. Bf2 Nb4 26. a3 Na6 27. Nc4 Rd5
28. b4 Nc7 29. a4 Ne8 30. Nb2 Nf6 31. Nd3 e5 32. a5 Bxf2 33. Kxf2 Nd7 34. Rc4
Kc7 35. Ke3 Kd6 36. Kd2 Rd4 37. Kc3 Rxc4+ 38. Kxc4 Nf6 39. b5 e4 40. Nb4 exf3
41. exf3 cxb5+ 42. Kxb5 g5 43. Ka6 Kc5 44. Nd3+ Kd4 45. Ne1 Nd5 46. Kxa7 Ke3 47.
Kb7 Nc3 48. a6 Nb5 49. Kb6 Nd6 50. f4 gxf4 51. Ng2+ Kf3 52. Nxf4 Kg4 53. Nd5 h5
54. Kc6 Nc8 55. Ne3+ Kg5 56. h4+ Kf6 57. Nc4 Ke6 58. Kb7 Kd5 1-0

[Event "Minsk Open 2014"]
[Site "Minsk BLR"]
[Date "2014.07.21"]
[Round "6.7"]
[White "Ponomarev, Dmitry"]
[Black "Trifonov, Denis"]
[Result "0-1"]
[WhiteTitle "IM"]
[BlackTitle "FM"]
[WhiteElo "2416"]
[BlackElo "2214"]
[WhiteFideId "24112046"]
[BlackFideId "13501313"]
[EventDate "2014.07.16"]

1. d4 d5 2. c4 dxc4 3. e4 e5 4. Nf3 Bb4+ 5. Bd2 Bxd2+ 6. Nbxd2 exd4 7. Bxc4 Qf6
8. O-O Nc6 9. Re1 Nge7 10. e5 Qg6 11. e6 Bxe6 12. Bxe6 fxe6 13. b4 O-O 14. b5
Nd8 15. Nxd4 Nd5 16. Qb3 Nf4 17. Qg3 Qf6 18. N4b3 a6 19. bxa6 Rxa6 20. Qf3 Rc6
21. Qe4 Nf7 22. Nf3 Ng5 23. Nxg5 Qxg5 24. Kh1 Rc4 25. Qxb7 c6 26. Rg1 Nd3 27.
Raf1 Rh4 28. h3 Nxf2+ 29. Rxf2 Rxf2 30. Qxc6 Qd5 31. Qxd5 exd5 32. Rd1 Rh5 33.
a4 Ra2 34. Nc5 Rg5 35. g4 d4 36. Ne6 Re5 37. Nf4 Rxa4 38. Kg2 Ra2+ 39. Kg3 g5
40. Ng2 Ree2 41. Ne1 Ra3+ 42. Nf3 Ree3 43. Rf1 d3 44. Kf2 Re2+ 45. Kg3 d2 0-1

[Event "Minsk Open 2014"]
[Site "Minsk BLR"]
[Date "2014.07.21"]
[Round "6.8"]
[White "Maksimov, Dmitri"]
[Black "Grib, Roman"]
[Result "0-1"]
[BlackTitle "FM"]
[WhiteElo "2116"]
[BlackElo "2409"]
[WhiteFideId "24162477"]
[BlackFideId "13506706"]
[EventDate "2014.07.16"]

1. e4 c5 2. c3 Nf6 3. e5 Nd5 4. Nf3 Nc6 5. Bc4 Nb6 6. Bb3 c4 7. Bc2 d6 8. exd6
Qxd6 9. O-O Bg4 10. h3 Bh5 11. Qe2 e6 12. b3 Qf4 13. d4 Bxf3 14. Qxf3 Qxf3 15.
gxf3 Rc8 16. Nd2 cxb3 17. axb3 Nd5 18. c4 Nxd4 19. Be4 Nf4 20. Bxb7 Rb8 21. Rxa7
Bc5 22. Ra8 O-O 23. Rxb8 Rxb8 24. Be4 f5 25. Bb1 Nde2+ 26. Kh2 Bb4 27. Bc2 Nxc1
28. Rxc1 Bxd2 0-1

[Event "Minsk Open 2014"]
[Site "Minsk BLR"]
[Date "2014.07.21"]
[Round "6.9"]
[White "Gagarin, Vasilij"]
[Black "Siagodnik, Anton"]
[Result "0-1"]
[WhiteTitle "IM"]
[BlackTitle "FM"]
[WhiteElo "2312"]
[BlackElo "2157"]
[WhiteFideId "4103610"]
[BlackFideId "13505963"]
[EventDate "2014.07.16"]

1. Nf3 g6 2. d4 Bg7 3. c4 d6 4. Nc3 f5 5. e4 Nf6 6. e5 Ne4 7. Bd3 dxe5 8. Nxe4
fxe4 9. Bxe4 exd4 10. Ng5 Qd6 11. Qf3 Rf8 12. Qg3 Be5 13. Qd3 Bf5 14. Nxh7 Na6
15. Bxf5 Rxf5 16. g4 Nc5 17. Qa3 Qc6 18. O-O Rf3 19. Qb4 O-O-O 20. Qe1 Nd3 21.
Qe2 Rh8 22. Rd1 Rxf2 0-1

[Event "Minsk Open 2014"]
[Site "Minsk BLR"]
[Date "2014.07.21"]
[Round "6.10"]
[White "Oblamski, Vladimir"]
[Black "Burdalev, Kirill"]
[Result "1/2-1/2"]
[BlackTitle "FM"]
[WhiteElo "2142"]
[BlackElo "2296"]
[WhiteFideId "13503979"]
[BlackFideId "14121913"]
[EventDate "2014.07.16"]

1. e4 e6 2. d4 d5 3. e5 c5 4. c3 Qb6 5. Nf3 Nc6 6. a3 Bd7 7. b4 cxd4 8. cxd4 Rc8
9. Be3 Nh6 10. Bd3 Ng4 11. O-O Be7 12. Qe2 Nxe3 13. fxe3 O-O 14. Nbd2 f6 15. Nb3
f5 16. Kh1 Qd8 17. Rac1 b6 18. Ba6 Rc7 19. Rc2 Nb8 20. Rxc7 Qxc7 21. Rc1 Qd8 22.
Bb5 Qe8 23. Bxd7 Qxd7 24. Qc2 Qa4 25. Qb2 Qa6 26. Qc2 Qxa3 27. b5 Qb4 28. Qd3
Bd8 29. g3 Qe7 30. Rc3 Qb7 31. Nc1 a6 32. Ne2 axb5 33. Nf4 Qd7 34. Rb3 Nc6 35.
Qxb5 Re8 36. h4 Nb8 37. Qb4 h6 38. h5 Bc7 39. Nh4 Nc6 40. Qb5 Nb8 41. Qb4 Nc6
42. Qb5 Nb8 43. Qb4 Nc6 1/2-1/2

[Event "Minsk Open 2014"]
[Site "Minsk BLR"]
[Date "2014.07.21"]
[Round "6.11"]
[White "Talma, Sergei"]
[Black "Poley, Vladimir"]
[Result "1-0"]
[BlackTitle "IM"]
[WhiteElo "1982"]
[BlackElo "2279"]
[WhiteFideId "13511092"]
[BlackFideId "13500090"]
[EventDate "2014.07.16"]

1. d4 g6 2. e4 Bg7 3. Nc3 c6 4. Nf3 d5 5. Be3 Qb6 6. Rb1 dxe4 7. Nxe4 Nd7 8. Bc4
Ngf6 9. Ned2 O-O 10. Bb3 Qc7 11. O-O Nd5 12. Bg5 Re8 13. Nc4 Nf8 14. h3 a5 15.
a4 b6 16. Re1 f6 17. Bh4 Be6 18. Bg3 Qd7 19. Rxe6 Nxe6 20. Qe2 Kh8 21. Nxb6 Nxb6
22. Bxe6 Qb7 23. Nh4 Red8 24. Qg4 Rd5 25. Be5 fxe5 26. Nxg6+ hxg6 27. Qh4+ 1-0

[Event "Minsk Open 2014"]
[Site "Minsk BLR"]
[Date "2014.07.21"]
[Round "6.12"]
[White "Nikitenko, Mihail"]
[Black "Khrapko, Marharyta"]
[Result "1/2-1/2"]
[WhiteElo "2258"]
[BlackElo "1818"]
[WhiteFideId "13506862"]
[BlackFideId "13510657"]
[EventDate "2014.07.16"]

1. e4 c5 2. Nf3 e6 3. d4 cxd4 4. Nxd4 Nf6 5. Nc3 Nc6 6. Ndb5 Bb4 7. a3 Bxc3+ 8.
Nxc3 d5 9. exd5 exd5 10. Bd3 d4 11. Ne2 Bg4 12. f3 Bh5 13. Nf4 O-O 14. O-O Bg6
15. Nxg6 hxg6 16. Bg5 Qd6 17. Qd2 Nd5 18. Rae1 Nd8 19. Qf2 Ne6 20. Bd2 Qb6 21.
f4 Nc5 22. Bc4 Nf6 23. Bb4 a5 24. Bxc5 Qxc5 25. Bd3 Ng4 26. Qh4 Qh5 27. Qxh5
gxh5 28. Re4 Rad8 29. Rfe1 Rd6 30. Re7 b6 31. g3 g6 32. h3 Nf6 33. Kf2 Nd5 34.
R7e4 Nf6 35. Re5 Rc8 36. Kf3 Kg7 37. Rg5 Nh7 38. Rb5 Nf6 39. Ree5 Rcd8 40. Bc4
Rc8 41. Bd3 Rcd8 42. Re7 R8d7 43. Rbe5 Kf8 44. Rxd7 Nxd7 45. Re2 Nf6 46. g4
hxg4+ 47. hxg4 Rd7 48. Bc4 Rc7 49. b3 Rd7 50. Re5 Rd6 51. g5 Nh5 52. Rd5 Rxd5
53. Bxd5 f5 54. gxf6 Nxf6 55. Bc4 Ke7 56. Bd3 Kf7 57. b4 axb4 58. axb4 Kg7 59.
b5 Kf7 60. Be4 Kg7 61. Bc6 Kf7 62. Ke2 Nh5 63. Kd3 Nxf4+ 64. Kxd4 Ke6 65. Ke4 1/2-1/2

[Event "Minsk Open 2014"]
[Site "Minsk BLR"]
[Date "2014.07.22"]
[Round "7.1"]
[White "Lintchevski, Daniil"]
[Black "Nosenko, Alexander"]
[Result "1/2-1/2"]
[WhiteTitle "GM"]
[BlackTitle "GM"]
[WhiteElo "2553"]
[BlackElo "2508"]
[WhiteFideId "4171055"]
[BlackFideId "14100690"]
[EventDate "2014.07.16"]

1. e4 e6 2. d4 d5 3. e5 c5 4. c3 Qb6 5. Nf3 Bd7 6. a3 a5 7. b3 Nc6 8. Be3 Nh6 9.
Bd3 Ng4 10. O-O Rc8 11. Nbd2 1/2-1/2

[Event "Minsk Open 2014"]
[Site "Minsk BLR"]
[Date "2014.07.22"]
[Round "7.2"]
[White "Trifonov, Denis"]
[Black "Aleksandrov, Aleksej"]
[Result "0-1"]
[WhiteTitle "FM"]
[BlackTitle "GM"]
[WhiteElo "2214"]
[BlackElo "2569"]
[WhiteFideId "13501313"]
[BlackFideId "13500139"]
[EventDate "2014.07.16"]

1. c4 e6 2. e4 d5 3. exd5 exd5 4. d4 Nf6 5. Nc3 Be7 6. Bd3 dxc4 7. Bxc4 O-O 8.
Nge2 h6 9. Qd3 Nc6 10. a3 Ne8 11. Ba2 Bg5 12. Bb1 g6 13. Be3 Bf5 14. Ne4 Nd6 15.
Bxg5 hxg5 16. f3 Re8 17. Qe3 Bxe4 18. fxe4 Nf5 19. Qf2 Nfxd4 20. O-O Nxe2+ 21.
Qxe2 Kg7 22. Ba2 f6 23. Rad1 Qe7 24. Qb5 Rab8 25. Qb3 Ne5 26. h3 c6 27. Qe3 b6
28. Rd4 Rh8 29. b4 g4 30. Rfd1 gxh3 31. gxh3 Rbd8 32. Kg2 g5 33. Qd2 Rxd4 34.
Qxd4 Qe8 35. Qe3 Ng6 36. Qd4 Nf4+ 37. Kf1 Rxh3 38. Qd7+ Qxd7 39. Rxd7+ Kh6 40.
Bb1 0-1

[Event "Minsk Open 2014"]
[Site "Minsk BLR"]
[Date "2014.07.22"]
[Round "7.3"]
[White "Stupak, Kirill"]
[Black "Podolchenko, Evgeniy"]
[Result "1/2-1/2"]
[WhiteTitle "GM"]
[BlackTitle "GM"]
[WhiteElo "2499"]
[BlackElo "2426"]
[WhiteFideId "13503758"]
[BlackFideId "13504134"]
[EventDate "2014.07.16"]

1. d4 Nf6 2. c4 e6 3. g3 d5 4. Nf3 Be7 5. Bg2 c6 6. O-O Nbd7 7. Nc3 O-O 8. Nd2
b5 9. b3 Bb4 10. Bb2 bxc4 11. bxc4 Ba6 12. Qa4 Qa5 13. Qxa5 Bxa5 14. Rfc1 Rfc8
15. e3 Rab8 16. Ba3 dxc4 17. Nce4 Bxd2 18. Nxd2 c5 19. Bf1 cxd4 20. exd4 Rb6 21.
Nxc4 Rbc6 22. Nd6 Rxc1 23. Bxc1 Rc6 24. Nb5 Bxb5 25. Bxb5 Rc2 26. Ba4 Rc8 27.
Bb3 h6 28. Ba3 Nb6 29. Kf1 Nc4 30. Bc5 Nd2+ 31. Ke2 Nfe4 32. Kd3 Nxb3 33. axb3
Nxc5+ 34. dxc5 Rxc5 35. Rxa7 Rd5+ 36. Kc4 Rd2 37. f4 Rc2+ 38. Kd4 Rxh2 39. b4
Rb2 40. Kc5 g5 41. fxg5 hxg5 42. b5 Kg7 43. b6 Rc2+ 44. Kb5 Rb2+ 45. Kc6 Rc2+
46. Kd7 Rb2 47. Kc7 Kg6 48. Ra4 f5 49. b7 Kh5 50. b8=Q Rxb8 51. Kxb8 e5 52. Kc7
e4 53. Kd6 Kg4 54. Ra3 f4 55. gxf4 Kxf4 56. Kd5 g4 57. Ra4 g3 58. Rxe4+ Kf3 59.
Ke5 g2 1/2-1/2

[Event "Minsk Open 2014"]
[Site "Minsk BLR"]
[Date "2014.07.22"]
[Round "7.4"]
[White "Fedorov, Alexei"]
[Black "Leinov, Roman"]
[Result "1-0"]
[WhiteTitle "GM"]
[WhiteElo "2569"]
[BlackElo "2176"]
[WhiteFideId "13500465"]
[BlackFideId "13504649"]
[EventDate "2014.07.16"]

1. e4 c5 2. Nf3 Nc6 3. Nc3 g6 4. d4 cxd4 5. Nxd4 Bg7 6. Be3 Nf6 7. Bc4 O-O 8.
Bb3 d6 9. f3 Bd7 10. h4 Nxd4 11. Bxd4 b5 12. h5 a5 13. hxg6 hxg6 14. Nd5 Nxd5
15. Bxd5 Rc8 16. c3 Bc6 17. Qd2 e6 18. Bxc6 Rxc6 19. Bxg7 Kxg7 20. Qh6+ Kf6 21.
O-O-O Rc5 22. Kb1 Ke7 23. Rd3 Qc7 24. f4 b4 25. cxb4 axb4 26. Qh4+ Kd7 27. Rhd1
Rc6 28. Qf6 Qa5 29. Qe5 Qb6 30. b3 Rfc8 31. Qf6 Rf8 32. R3d2 Qe3 33. Qe5 Qb6 34.
g4 Ke7 35. Qg5+ Kd7 36. f5 gxf5 37. gxf5 Qc5 38. Qf6 exf5 39. e5 Kc7 40. Qe7+
Kb6 41. Qxf8 Qxe5 42. Qb8+ 1-0